000 00433nam a22001697a 4500
003 NUST - PNEC
005 20170116181047.0
008 150928b xxu||||| |||| 00| 0 eng d
020 _a0890067198
040 _cLIBRARY
082 _a621.3848 NEB
100 _911740
_aNebabin, V. G.
245 _aMethods and techniques of radar recognition
_cV.G. Nebabin
260 _ac.1995
650 _911741
_aRadar
_xMIS
942 _2ddc
_cBK
999 _c68260
_d68260